| 000 | 00482nam a2200145Ia 4500 | ||
|---|---|---|---|
| 008 | 140609s9999 xx 000 0 und d | ||
| 020 | _a9789715064798 | ||
| 050 |
_aPL 5534 _b.St13 2008 |
||
| 245 |
_aStage presence : _bPhilippine PEN anthology of drama / _cedited by Jose Victor Z. Torres |
||
| 260 |
_aManila, Philippines : _bPhilippine PEN ; University of Santo Tomas Pub. House, _cc2008. |
||
| 300 |
_a213 p. ; _c24 cm. |
||
| 521 | _aGE | ||
| 942 |
_kLOC _cBK |
||
| 999 |
_c118212 _d118212 |
||